000 00682nam a22002172 4500
001 0000005401
005 20151217161136.0
008 070613s xx 000 0 eng d
020 _a041519301X :
040 _aKABU
_cKABU
050 0 _aZ7164
_b.S68I58
110 2 _aBLPES [British Library of Political and Economic Science]
_@0000156707
245 1 0 _a1997 international bibliography of sociology. volume XLVII.
260 _aLondon :
_bRoutledge,
_c1998.
300 _acxvi, 538 p.
362 0 _avol. XLVII.
650 0 _aSociology
_xBibliography.
_@0000156708
908 _a070613
950 _@1
999 _c15001
_d15001